000
00279nam a22001337a 4500
008
170425b xxu||||| |||| 00| 0 eng d
020
_a
9780697211590
041
_a
eng
080
_a
577
100
_a
12
101
_a
SHM
245
_a
BIOCHEMISTRY
_c
MCKEE.T
942
_2
udc
_c
BK
999
_c
11878
_d
11878